The offsite : A leadership challenge fable

Bibliographic Details
Main Author: Thompson, Robert H.
Format: Book
Published: USA :California : Jossey-Bass , 2008
Subjects:

MARC

LEADER 00000cam a2200000 7i4500
001 0000003822
005 20110714.0
020 0 0 |a 9780470189825 
090 0 0 |a 658.4092   |b ROB 2008 
100 0 0 |a Thompson, Robert H. 
245 1 0 |a The offsite :   |b A leadership challenge fable   |c Robert H. Thompson 
260 0 0 |a USA :California :   |b Jossey-Bass ,   |c 2008 
300 |a xiii, 183 p. ;   |c 22 cm. 
650 0 0 |a Leadership 
998 |a JPSM 
999 |a 007427   |b Monograph   |c Open Shelf   |e Default branch